000 00702 a2200181 4500
999 _c4840
_d4840
020 _a0130166324
050 0 0 _aQA 152.3 MAR 2001
100 1 _aMartin-Gay, K. Elayn,
_d1955-
_eauthor
245 1 0 _aIntermediate algebra /
_cElayn Martin-Gay.
250 _a3rd ed.
264 _aNew Jersey :
_bPrentice Hall
_c2001
300 _axxviii, 687p. , A49, G45, I9 :
_bill. (some col.) ;
500 _aIncludes index.
650 0 _aAlgebra
856 4 1 _3Table of contents
_uhttp://www.loc.gov/catdir/toc/fy0804/2005057731.html
942 _2lcc
_cBK
_e3rd
_h152.3
_iMAR
_kQA